000 01191naa a22002777a 4500
001 BR9401199
003 BR-BrBNA
005 20240918181114.0
007 ta
008 230509b bl.||||| |||| 00| 0 por d
040 _aBR-BrBNA
_bpor
_cBiblioteca Nacional de Agricultura
041 _a(Pt)
072 _aN20
090 _aN20 BR9401199
100 1 _aLancas, K.P.
100 1 _aLosnak, C.
111 1 _a21. Congresso Brasileiro de Engenharia Agricola1. Simposio de Engenharia Agricola do Cone Sul
_cSanta Maria, RS (Brazil)
_d17-31 Jul 1992
245 1 _aSubsolador: comparacao entre os resultados obtidos em condicoes de campo e em tanque de solo
260 3 _aSanta Maria, RS (Brasil):
_c1992.
500 _a21. Congresso Brasileiro de Engenharia Agricola e 1. Simposio de Engenharia Agricola do Cone Sul Santa Maria, RS (Brasil): 1992. v. 3 p. 1189-1199 (BR9401199-AM)N20
650 _aSubsolador
650 _aTracao Motorizada
773 0 _t21. Congresso Brasileiro de Engenharia Agricola e 1. Simposio de Engenharia Agricola do Cone Sul
_wN20 BR9401199
_gSanta Maria, RS (Brasil), 1992. v. 3 p. 1189-1199
909 _a202404
_bLucia
_c55
_dLucia Elande
942 _cAM
_2AGRIS
999 _c323640
_d323640